MARC

LEADER 00000nam0a2200000 4500
001 378904
005 20231101054912.0
035 |a (RuTPU)RU\TPU\retro\36365 
035 |a RU\TPU\book\39574 
090 |a 378904 
100 |a 20230620d1971 m y0rusy50 ca 
101 0 |a rus 
102 |a RU 
105 |a a j 000zy 
200 1 |a Введение в курс высшей математики  |e учебное пособие  |f М. В. Пентковский 
210 |a Москва  |c Высшая школа  |d 1971 
215 |a 278 с.  |c ил. 
610 1 |a математика 
610 1 |a математический анализ 
610 1 |a множества 
610 1 |a функции 
610 1 |a интегралы 
610 1 |a функции одного переменного 
610 1 |a интегральные исчисления 
610 1 |a функции многих переменных 
610 1 |a уравнения 
610 1 |a учебные пособия 
675 |a 517(075.8)  |v 3 
700 1 |a Пентковский  |b М. В.  |g Мстислав Вячеславович 
801 1 |a RU  |b 63413507  |c 20020318  |g PSBO 
801 2 |a RU  |b 63413507  |c 20230620  |g PSBO 
942 |c BK